[Event "RSA-chT U12"]
[Site "Cape Town"]
[Date "2016.01.05"]
[Round "3.2"]
[White "Van Deventer, Wilrich"]
[Black "Naidoo, Kiaren"]
[Result "1-0"]
[WhiteElo "1000"]
[BlackElo "1094"]
[PlyCount "129"]
[EventDate "2016.01.04"]
[EventType "team-tourn"]
[EventRounds "7"]
[EventCountry "RSA"]
[SourceTitle "CBM 170 Extra"]
[Source "ChessBase"]
[SourceDate "2016.02.25"]
[SourceVersion "1"]
[SourceVersionDate "2016.02.25"]
[SourceQuality "1"]
[WhiteTeam "Johannesburg Metro"]
[BlackTeam "Ethekwini"]
[WhiteTeamCountry "RSA"]
[BlackTeamCountry "RSA"]

1. c4 e5 2. Nc3 Nf6 3. g3 Bc5 4. e3 Nc6 5. Bg2 h6 6. Nge2 0-0 7. 0-0 d6 8. d4 exd4 9. exd4 Bb6 10. Nd5 Nxd5 11. cxd5 Ne7 12. a4 a6 13. a5 Ba7 14. Be3 Re8 15. Re1 Bg4 16. Qd2 Ng6 17. Ra3 Qf6 18. b4 b5 19. Rc3 Bb8 20. Rec1 Bd7 21. Rf1 Rc8 22. Rc2 Bf5 23. Rcc1 Ba7 24. Kh1 Qe7 25. Rfe1 Re8 26. Ng1 Bb8 27. Bxh6 gxh6 28. Rxe7 Rxe7 29. Nf3 Kg7 30. Re1 Ba7 31. Rxe7 Nxe7 32. Nh4 Bg6 33. Qe3 Nf5 34. Nxf5+ Bxf5 35. f4 Kf8 36. Qd3 Re8 37. Kg1 Rc8 38. h4 c5 39. dxc6 Be6 40. c7 Ke8 41. Bb7 Bxd4+ 42. Qxd4 Rxc7 43. Be4 Ke7 44. Bd5 Rc1+ 45. Kf2 Rc7 46. Bxe6 fxe6 47. Qg7+ Kd8 48. Qxh6 Rc2+ 49. Ke3 Rc3+ 50. Kd2 Rxg3 51. Qxe6 Kc7 52. Qe7+ Kc6 53. Qe4+ Kd7 54. Ke2 Rg1 55. Kf2 Rc1 56. h5 Rc4 57. Qf5+ Kc6 58. h6 Rxb4 59. Qc2+ Rc4 60. Qf5 b4 61. h7 b3 62. h8Q Kb7 63. Qd5+ Kc7 64. Qg7+ Kb8 65. Qgb7# 1-0